00390nam a2200169 a 450000100060000000300090000600800410001502000150005604000280007108200170009910000200011624500120013625000060014826000350015430000100018965000210019913121CO-ViMGA141112s2004 ck r 000 u spa d a8402067409 aCO-ViMGAbspacCO-ViMGA04aA863.6 C67r61 aCortazar, Julio10aRayuela a6 aBarcelona : bBruguera, c1984 a155p.14aNOVELA ARGENTINA